Movies That Start With "E & F" by Picture - Statistics

General Stats
  • This quiz has been taken 176 times
  • The average score is 9 of 11
Answer Stats
Picture Answer % Correct
Frozen
99%
Finding Nemo
98%
Elf
97%
E.T. the Extra-Terrestrial
97%
Forrest Gump
94%
Flash, the
91%
Fast and the Furious, the
89%
Fight Club
75%
Fantasia
72%
Fox and the Hound, the
66%
Friday the 13th
66%
No matching quizzes found
Score Distribution
Percent of People with Each Score
Percentile by Number Answered
Your Score History
You have not taken this quiz